|
|
|
|
| LEADER |
01156nam a2200289 a 4500 |
| 001 |
12400666 |
| 008 |
091025s1998 enka e b 001 0 eng d |
| 010 |
|
|
|a 2001369493
|
| 020 |
|
|
|a 039304565X
|
| 020 |
|
|
|a 0393317277
|
| 040 |
|
|
|a DLC
|c DLC
|
| 082 |
|
|
|a 363.7
|2 21
|
| 245 |
0 |
0 |
|a State of the world 1998 :
|b a Worldwatch Institute report on progress toward a sustainable society /
|c Lester R. Brown ... [et al.].
|
| 260 |
|
|
|a London :
|b Earthscan ;
|b Norton & company,
|c 1998.
|
| 300 |
|
|
|a xix, 251 p. :
|b ill. ;
|c 24 cm.
|
| 490 |
1 |
|
|a Environmental alert series
|
| 504 |
|
|
|a Includes bibliographical references and index.
|
| 541 |
1 |
|
|e 00006485
|
| 650 |
|
0 |
|a Economic development
|x Environmental aspects.
|
| 650 |
|
0 |
|a Sustainable development.
|
| 650 |
|
0 |
|a Conservation of natural resources.
|
| 700 |
1 |
|
|a Brown, Lester Russell,
|d 1934-
|
| 710 |
2 |
|
|a Worldwatch Institute.
|
| 830 |
|
0 |
|a Worldwatch environmental alert series
|
| 852 |
4 |
|
|a Ayesha Abed Library
|j General Shelf
|
| 999 |
|
|
|c 5192
|d 5192
|
| 952 |
|
|
|0 0
|1 0
|2 ddc
|4 0
|6 363_700000000000000_STA_1998
|7 0
|9 5042
|a BRACUL
|b BRACUL
|c GEN
|d 2009-11-08
|g 1316.00
|l 0
|o 363.7 STA
|p 3010006485
|r 2009-11-08
|w 2009-11-08
|y BK
|